Statistics for Alternate meanings of Common Names

Click here to take the quiz!

General Stats

  • This quiz has been taken 39 times
  • The average score is 12 of 20

Answer Stats

Hint Answer % Correct
Device to lift an automobile, commonly used for changing tiresJack
83%
A calendar month known for precipitationApril
83%
Legal declaration of a person's wishes regarding their property after their deathWill
80%
Wealthy, having a great deal of money or assetsRich
80%
The basic physical and functional unit of heredity, made of up DNAGene
80%
A member of the world's largest religionChristian
80%
A joyful religious song, particularly associated with ChristmasCarol
77%
A male catTom
77%
Slang term in America for toiletJohn
70%
Statement of payment owed for goods or servicesBill
63%
Complete trust or confidence in someone or somethingFaith
63%
Hard, translucent fossilized tree resin, typically a shade of yellow or orange in colorAmber
63%
Slang term for coffeeJoe
60%
A quick, short movement up and down, as in waterBob
57%
Simple elegance or refinement of movementGrace
47%
A line, figure, or symbol made as an indication or record of somethingMark
43%
A short crowbar used to force open a window or doorJimmy
43%
A type of plant with fragrant flowers that grows from bulbsLily
37%
Events that will necessarily happen to a particular person or thing in the futureDestiny
37%
A piece of a homogeneous solid substance having a natural geometrically regular form with symmetrically arranged plane facesCrystal
23%

Score Distribution

Percentile by Number Answered

Percent of People with Each Score

Your Score History

You have not taken this quiz